000 00541nam a2200217Ia 4500
003 OSt
005 20220928141749.0
006 a|||||r|||| 00| 0
007 ta
008 220927b |||||||| |||| 00| 0 eng d
024 _a17511
037 _cTextual
040 _aSDCL
_cSDCL
_beng
041 _2eng
_aeng
082 _aV1:51'N3>N1, M4
100 _aHenig Ruth
_9502103
245 0 _aVersailles and after 1919-1933
260 _c1984
942 _hV1:51'N3>N1, M4
_cTEXL
_2CC
999 _c819832
_d819832